000 00955nam a2200265 i 4500
003 IT-RoINE
005 20190617065550.0
008 900725s1977 sp spa
020 _a8424907310
040 _aSpMaBN
_bspa
_cIT-RoINE
_dIT-RoINE
100 1 _aCamamis, George
_927170
245 1 0 _aEstudios sobre el cautiverio en el siglo de oro /
_cGeorge Camamis.
260 _aMadrid :
_bGredos,
_c[1977]
300 _a261 p., [8] h. de lám. ;
_c21 cm.
336 _2rdacontent
_atext
337 _2rdamedia
_aunmediated
338 _2rdacarrier
_avolume
490 1 _aBiblioteca románica hispánica.
_aII, Estudios y ensayos ;
_v264
500 _aIncluye índice.
504 _aBibliografía: p. 247-257.
650 4 _aLiteratura española
_ySiglos 16o.-17o.
_xHistoria y crítica
_912746
650 4 _927171
_aEsclavitud en la literatura
830 0 _912052
_aBiblioteca románica hispánica.
_nII,
_pEstudios y ensayos ;
_v264
942 _cMTS
999 _c13381
_d13381